000 00761cam a22002653a 4500
001 506
003 PGUSA
005 20140828082949.0
008 060318s2006||||xxu|||||s|||||000 1 eng d
040 _aPGUSA
_beng
042 _adc
050 4 _aPS
100 1 _aBurnett, Frances Hodgson,
_d1849-1924
245 1 4 _aThe Shuttle
_h[electronic resource] /
_cFrances Hodgson Burnett
260 _bProject Gutenberg,
_c2006
506 _aPublic domain in the USA.
516 _aElectronic text
653 _aSisters -- Fiction
653 _aMarriage -- Fiction
653 _aChildren of the rich -- Fiction
653 _aAmericans -- England -- Fiction
830 0 _aProject Gutenberg
_v506
856 4 0 _uhttp://www.gutenberg.org/ebooks/506
942 _cEB
999 _c229857
_d229857